Statistics for Most NFL Receiving Yards in a Rookie Season

Click here to take the quiz!

General Stats

  • This quiz has been taken 27 times
  • The average score is 7 of 15

Answer Stats

TeamYear
Receiving Yards
Answer% Correct
Vikings20201,400Justin Jefferson
100%
Saints20161,137Michael Thomas
96%
Bengals20211,455Ja’Marr Chase
92%
Vikings19981,313Randy Moss
83%
Jets20221,103Garrett Wilson
75%
Giants20141,305Odell Beckham Jr.
75%
Raiders20151,070Amari Cooper
42%
Cardinals20031,377Anquan Boldin
38%
Patriots19961,132Terry Glenn
17%
Colts19861,131Bill Brooks
8%
Oilers19601,473Bill Groman
8%
Bears19541,124Harlon Hill
8%
Buccaneers20041,193Michael Clayton
8%
Bears19611,076Mike Ditka
8%
Packers19521,231Billy Howton
4%

Score Distribution

Percentile by Number Answered

Percent of People with Each Score

Your Score History

You have not taken this quiz